| 000 | 00587cab a2200217 4500 | ||
|---|---|---|---|
| 001 | X1842 | ||
| 008 | 090401t1995 xxu||||| |||| 00| 0 eng d | ||
| 035 | _a(Sirsi) u19849 | ||
| 041 | _aeng | ||
| 100 | _aMonahan, P. | ||
| 245 | 4 | _aThe benefits of more open attitudes | |
| 260 | _c1995 | ||
| 350 | _a0 | ||
| 490 |
_aCSM (Chartered Surveyor Monthly) _v4(3) January 1995, 29(1) |
||
| 650 | _aPROFESSIONAL CONDUCT | ||
| 650 | _aST ANNES COLLEGE OXFORD | ||
| 650 | _aWORKSHOP | ||
| 690 | _aMANAGEMENT-BUSINESS MANAGEMENT-PROFESSIONAL PRACTICE | ||
| 942 | _n0 | ||
| 948 | _c04/03/1997 | ||
| 999 |
_c13295 _d13295 |
||